00281nam a2200121Ia 4500008004100000020001500041041000800056082001100064100001400075245003800089260002400127300000800151230116s9999 xx 000 0 und d a0385025548 aeng a720.95 aJencks C. aModern Movements In Architecture. bAnchor Books.c1973 a432